[Event "IND-ch U11 Girls"]
[Site "Sivagangai Tamilnadu"]
[Date "2018.07.29"]
[Round "2.1"]
[White "Savitha Shri, B."]
[Black "Dyuti, Chakraborty"]
[Result "1-0"]
[WhiteElo "1742"]
[BlackElo "1157"]
[PlyCount "91"]
[EventDate "2018.07.28"]
[EventType "swiss"]
[EventRounds "11"]
[EventCountry "IND"]
[SourceTitle "EXT 2024"]
[Source "ChessBase"]
[SourceDate "2023.10.10"]
[SourceVersion "1"]
[SourceVersionDate "2023.10.10"]
[SourceQuality "1"]

1. e4 e5 2. Nf3 Nc6 3. Bc4 Bc5 4. c3 Nf6 5. d4 exd4 6. cxd4 Bb4+ 7. Bd2 Bxd2+ 8. Nbxd2 d6 9. 0-0 0-0 10. d5 Ne5 11. Nxe5 dxe5 12. Qc2 Re8 13. Rac1 a6 14. Bb3 Re7 15. Nc4 h6 16. Rfd1 Bd7 17. d6 cxd6 18. Nxd6 Qb6 19. Qc7 Qxc7 20. Rxc7 b5 21. Nxf7 Rxf7 22. Rdxd7 Nxd7 23. Rxd7 Raf8 24. Kf1 g6 25. Ke2 Kg7 26. Rxf7+ Rxf7 27. Bxf7 Kxf7 28. Kd3 Ke6 29. Kc3 Kd6 30. Kb4 Kc6 31. Ka5 Kc5 32. b4+ Kd4 33. Kxa6 Kxe4 34. Kxb5 Kd5 35. a4 e4 36. a5 Kd6 37. Kb6 g5 38. a6 g4 39. a7 g3 40. hxg3 Ke5 41. a8Q h5 42. Qc6 Kf5 43. Kc5 Ke5 44. Qg6 h4 45. g4 e3 46. Qf5# 1-0